000
00313nam a22001337a 4500
020
_q
PB.
040
_c
FIZZA ISHAQ
082
_a
624.2
_b
XIA
100
_a
XIAO,RUCHENG.
_9
29641
245
_a
BRIDGE STRUCTURAL SYSTEM /
_c
XIAO RUCHENG.
260
_a
CHINA PRESS ;
_c
2011.
300
_a
608 P. ;
942
_2
ddc
_c
BK
999
_c
589459
_d
589459